| 000 | 00464nam a2200157 i 4500 | ||
|---|---|---|---|
| 001 | 32816 | ||
| 003 | ES-MaACL | ||
| 005 | 20230906154636.0 | ||
| 007 | t| | ||
| 008 | 030131s1917 fr ||||1| fre d | ||
| 100 | 1 |
_aBertrand, Adrien. _928515 |
|
| 245 | 1 | 2 |
_aL'orage sur le jardin de Candide romans philosophiques / _cAdrien Bertrand. |
| 260 |
_aParĂs : _b[s.n., _c1917] ( _eCoulommiers : _fP. Brodard) |
||
| 300 |
_a326 p. ; _c19 cm. |
||
| 852 |
_aES-MaACL _jF-3217 |
||
| 999 |
_c32816 _d32816 |
||